Kristy and the missing fortune / (Record no. 1933)

MARC details
000 -LEADER
fixed length control field 00759 am a2200253ua 4500
005 - DATE AND TIME OF LATEST TRANSACTION
control field 20231019090044.0
020 ## - INTERNATIONAL STANDARD BOOK NUMBER
International Standard Book Number 059013695X (pbk) :
Terms of availability £2.99
040 ## - CATALOGING SOURCE
Original cataloging agency Uk
Transcribing agency Uk
Language of cataloging eng
Modifying agency FISKH
050 ## - LIBRARY OF CONGRESS CALL NUMBER
Classification number PZ7.G15
082 04 - DEWEY DECIMAL CLASSIFICATION NUMBER
Classification number 813.54
Edition number 21
100 1# - MAIN ENTRY--PERSONAL NAME
Personal name Martin, Ann M.,
Dates associated with a name 1955-
245 10 - TITLE STATEMENT
Title Kristy and the missing fortune /
Statement of responsibility, etc. Ann M. Martin.
260 ## - PUBLICATION, DISTRIBUTION, ETC.
Place of publication, distribution, etc. London :
Name of publisher, distributor, etc. Hippo,
Date of publication, distribution, etc. 1996.
300 ## - PHYSICAL DESCRIPTION
Extent 146 pages :
Dimensions 18 cm
500 ## - GENERAL NOTE
General note Originally published: United States : Scholastic, 1995.
505 ## - FORMATTED CONTENTS NOTE
Formatted contents note Q
521 ## - TARGET AUDIENCE NOTE
Target audience note 870 <br/>
Source Lexile
521 ## - TARGET AUDIENCE NOTE
Target audience note Q <br/>
Source Raz-Plus
650 #0 - SUBJECT ADDED ENTRY--TOPICAL TERM
Topical term or geographic name entry element Babysitters Club (Imaginary organization)
General subdivision Juvenile fiction.
655 07 - INDEX TERM--GENRE/FORM
Genre/form data or focus term Children's stories.
Source of term lcsh
655 07 - INDEX TERM--GENRE/FORM
Genre/form data or focus term Detective and mystery stories.
Source of term gsafd
942 ## - ADDED ENTRY ELEMENTS (KOHA)
Source of classification or shelving scheme Dewey Decimal Classification
Koha item type Books
Suppress in OPAC No
999 ## -
-- 1933
-- 1933

No items available.